Welcome to WEB OPAC of MRSPTU Central Library

Switchgear protection and power systems : Theory ,practice & solved problems (Record no. 6283)

MARC details
000 -LEADER
fixed length control field 00467nam a2200169Ia 4500
008 - FIXED-LENGTH DATA ELEMENTS--GENERAL INFORMATION
fixed length control field 230711s9999||||xx |||||||||||||| ||und||
020 ## - INTERNATIONAL STANDARD BOOK NUMBER
International Standard Book Number 978-81-7409-232-3
041 ## - LANGUAGE CODE
Language code of text/sound track or separate title ENG
082 ## - DEWEY DECIMAL CLASSIFICATION NUMBER
Classification number 621.317
Item number RA-S
100 ## - MAIN ENTRY--PERSONAL NAME
Personal name Rao,Sunil S
245 #0 - TITLE STATEMENT
Title Switchgear protection and power systems : Theory ,practice & solved problems
250 ## - EDITION STATEMENT
Edition statement 7th Ed.
260 ## - PUBLICATION, DISTRIBUTION, ETC.
Date of publication, distribution, etc. 2015
Place of publication, distribution, etc. New Delhi
Name of publisher, distributor, etc. Khanna Publishers
300 ## - PHYSICAL DESCRIPTION
Extent 1339p.
650 ## - SUBJECT ADDED ENTRY--TOPICAL TERM
Topical term or geographic name entry element Electrical Engineering
942 ## - ADDED ENTRY ELEMENTS (KOHA)
Koha item type Book
Holdings
Withdrawn status Lost status Damaged status Not for loan Collection Home library Current library Date acquired Cost, normal purchase price Inventory number Total checkouts Full call number Barcode Date last seen Price effective from Koha item type
          MRSPTU Central Library MRSPTU Central Library   499.00 KBD/2016-2017/961342808   621.317 RA-S 35607 08/17/2023 08/17/2023 Book
          MRSPTU Central Library MRSPTU Central Library   499.00 KBD/2016-2017/961342808   621.317 RA-S 35608 08/17/2023 08/17/2023 Book
          MRSPTU Central Library MRSPTU Central Library   499.00 KBD/2016-2017/961342808   621.317 RA-S 35609 08/17/2023 08/17/2023 Book
          MRSPTU Central Library MRSPTU Central Library   499.00 KBD/2016-2017/961342808   621.317 RA-S 35610 08/17/2023 08/17/2023 Book
          MRSPTU Central Library MRSPTU Central Library   499.00 KBD/2016-2017/961342808   621.317 RA-S 35611 08/17/2023 08/17/2023 Book
          MRSPTU Central Library MRSPTU Central Library   499.00 KBD/2016-2017/961342808   621.317 RA-S 35612 08/17/2023 08/17/2023 Book
          MRSPTU Central Library MRSPTU Central Library   499.00 KBD/2016-2017/961342808   621.317 RA-S 35613 08/17/2023 08/17/2023 Book
          MRSPTU Central Library MRSPTU Central Library   499.00 KBD/2016-2017/961342808   621.317 RA-S 35614 08/17/2023 08/17/2023 Book
          MRSPTU Central Library MRSPTU Central Library   499.00 KBD/2016-2017/961342808   621.317 RA-S 35615 08/17/2023 08/17/2023 Book
          MRSPTU Central Library MRSPTU Central Library   499.00 KBD/2016-2017/961342808   621.317 RA-S 35616 08/17/2023 08/17/2023 Book

Website Designed and Developed by MRSPTU Central Library Team

E-mail Id: librarian@mrsptu.ac.in